000 01248cam a2200349 a 4500
001 1526095
003 SISC
005 20160302094750.0
008 900403s1990 nyub 000 1 eng
010 _a 90035834
020 _a0689120192
040 _aDLC
_cDLC
_dDLC
_dOCoLC
_dDLC
043 _an-us-mt
050 0 0 _aPS 3554.O415
_b.D657 1990
082 0 0 _aHS 813.54
_bD65 1990
100 1 _aDoig, Ivan.
_914241
245 1 0 _aRide with me, Mariah Montana /
_cIvan Doig
260 _aNew York :
_bAtheneum ;
_aToronto :
_bCollier Macmillan Canada ;
_aNew York :
_bMaxwell Macmillan International,
_cc1990.
300 _a324 p. :
_bmap ;
_c25 cm.
650 0 _aParent and adult child
_vFiction.
_914242
650 0 _aFathers and daughters
_vFiction.
_914243
650 0 _aWomen journalists
_vFiction.
_914244
650 0 _aDivorced people
_vFiction.
_914245
650 0 _aPhotographers
_vFiction.
_914246
650 0 _aTravelers
_vFiction.
_914247
651 0 _aMontana
_vFiction.
_914248
655 7 _aDomestic fiction.
_2lcsh
_92796
906 _a7
_bcbc
_corignew
_d1
_eocip
_f19
_gy-gencatlg
942 _2lcc
_cBK
999 _c494
_d494